000 01584cam a2200265 4500
001 L0117539031
008 031105n2003 000 0 eng u
020 _a0117539031
035 _a(Sirsi) u124242
041 _aeng
050 _a692.2
_c18
110 _aUnited Kingdom
_bOffice of the Deputy Prime Minister
245 4 _aThe Building Act 1984
_bthe Building (Amendment) Regulations 2003 - new Part M in Schedule 1 to the Building Regulations 2000 - other amendments to the Building Regulations 2000 new Approved Document giving guidance on Part M (Access to and use of buildings).
260 _aLondon
_bTSO
_c2003
490 _aODPM Circular
_v11/2003
520 _aThe purpose of this Circular is to draw attention to the Building (Amendment) Regulations 2003 and explain the changes they make to the Building Regulations 2000. The Circular also explains the coming into force and transitional provisions involved. The Circular relates to Approved Document M (2004 edition) which provides practical guidance regarding building access and use issues. View the Circular at www.odpm.gov.uk.
650 _aBUILDING (AMENDMENT) REGULATIONS 2003
650 _aBUILDING REGULATIONS 2000 APPROVED DOCUMENT M (2004 EDITION)
650 _aMANAGEMENT-BUSINESS MANAGEMENT-DISCRIMINATION-DISABILITY DISCRIMINATION-ACCESSIBILITY
650 _aBUILDING REGULATIONS 2000
650 _aBUILDING ACT 1984
690 _aBUILT ENVIRONMENT-BUILDING STANDARDS
856 _uhttps://www.communities.gov.uk/index.asp?id=1131062
_zView the Circular on the ODPM website...
942 _n0
999 _c103183
_d103183